Gran Premi del Campionato mondiale di Formula 1 2004 - Statistics

Statistiche generali
  • Questo quiz è stato fatto 7 volte
  • Il punteggio medio è 14 su 18
Statistiche sulle risposte
Data Gran Premio % Corretto
7 marzo Gran Premio d'Australia
100%
24 ottobre Gran Premio del Brasile
100%
4 luglio Gran Premio di Francia
100%
25 aprile Gran Premio di San Marino
100%
9 maggio Gran Premio di Spagna
100%
12 settembre Gran Premio d'Italia
100%
20 giugno Gran Premio degli Stati Uniti
86%
29 agosto Gran Premio del Belgio
86%
10 ottobre Gran Premio del Giappone
86%
25 luglio Gran Premio di Germania
86%
23 maggio Gran Premio di Monaco
86%
15 agosto Gran Premio d'Ungheria
86%
11 luglio Gran Premio di Gran Bretagna
71%
13 giugno Gran Premio del Canada
57%
26 settembre Gran Premio di Cina
57%
21 marzo Gran Premio della Malesia
43%
30 maggio Gran Premio d'Europa
43%
4 aprile Gran Premio del Bahrein
29%
Nessun quiz corrispondente trovato
Distribuzione punteggi
Percentuale di utenti per punteggio
Percentile per numero di risposta
I tuoi punteggi nel tempo
Non hai fatto questo quiz